| 000 | 00431nam a2200157Ia 4500 | ||
|---|---|---|---|
| 008 | 250916s9999 xx 000 0 und d | ||
| 020 | _a978-1-032-79727-4 | ||
| 082 | _a005.8 MET | ||
| 100 | _aMetcalf, David | ||
| 245 | 0 | _aABC: AI, blockchain, and cybersecurity for healthcare | |
| 250 | _a1st | ||
| 260 |
_aNew York: _bRoutledge Taylor & Francis Group, _c2024 |
||
| 300 | _a293 p. | ||
| 600 | _aComputer Science | ||
| 942 | _cBK | ||
| 999 |
_c31604 _d31604 |
||